00300nam a2200121Ia 4500008004100000100003500041245003400076260002300110300000900133650001200142942000700154999001700161190216s9999||||xx |||||||||||||| ||und|| aSubrahmanyanan. N And Brijlal 0aNumerical Problems In Physics bS Chand & Coc1981 a255p aPhysics cBK c33103d33103